| 000 | 00389nam a2200169Ia 4500 | ||
|---|---|---|---|
| 005 | 20250603145343.0 | ||
| 008 | 250603s9999 xx 000 0 und d | ||
| 020 | _a0397446314. | ||
| 050 | _aQR 46 .M4684/ | ||
| 100 | _aMims, Cedric A ... [et al.] | ||
| 245 | 0 | _aMedical microbiology | |
| 260 | _aNew York | ||
| 260 | _bMosby | ||
| 260 | _c1993 | ||
| 650 | _aNew York | ||
| 942 | _cBK | ||
| 999 |
_c41614 _d41614 |
||